[Event "NB2 Szechenyi csoport"]
[Site "Sarvar"]
[Date "2024.11.03"]
[Round "1.4"]
[White "Zsiros, Gyorgy"]
[Black "Finy, Mark"]
[Result "1-0"]
[WhiteElo "1973"]
[BlackElo "1986"]
[PlyCount "71"]
[EventDate "2024.11.03"]
[EventType "team-tourn"]
[EventRounds "11"]
[EventCountry "HUN"]
[Source "chess.hu"]
[SourceDate "2024.11.04"]
[WhiteTeam "Sarvari Sakk Club SE"]
[BlackTeam "Arboretum Hereny SE"]
[WhiteTeamCountry "HUN"]
[BlackTeamCountry "HUN"]

1. e4 d5 2. exd5 Qxd5 3. Nc3 Qa5 4. Bc4 Nf6 5. Nf3 Bf5 6. O-O Nbd7 7. d3 c6 8.
Nd4 Bg4 9. Qe1 e5 10. Nb3 Qc7 11. d4 O-O-O 12. Bxf7 Bd6 13. d5 Nf8 14. Be6+
Nxe6 15. dxe6 Bxe6 16. Qe3 Kb8 17. Nd2 Rhe8 18. Nde4 Bb4 19. a3 Ba5 20. b4 Bb6
21. Qg3 Bd4 22. Ng5 Bc4 23. Re1 Nh5 24. Qh3 Rf8 25. Be3 Bxc3 26. Bxa7+ Kxa7 27.
Qxc3 Bd5 28. Rxe5 h6 29. Nh3 Nf4 30. Nxf4 Rxf4 31. Qe3+ Ka6 32. Qxf4 Rf8 33.
Qxf8 Qxe5 34. Qa8+ Kb5 35. Qa5+ Kc4 36. Qc5# 1-0

[Event "NB2 Szechenyi csoport"]
[Site "Sarvar"]
[Date "2024.11.03"]
[Round "1.5"]
[White "Foki, Robert"]
[Black "Szep, Milan"]
[Result "0-1"]
[WhiteElo "1753"]
[BlackElo "1973"]
[PlyCount "100"]
[EventDate "2024.11.03"]
[EventType "team-tourn"]
[EventRounds "11"]
[EventCountry "HUN"]
[Source "chess.hu"]
[SourceDate "2024.11.04"]
[WhiteTeam "Arboretum Hereny SE"]
[BlackTeam "Sarvari Sakk Club SE"]
[WhiteTeamCountry "HUN"]
[BlackTeamCountry "HUN"]

1. f4 d5 2. e3 Nc6 3. Nf3 Bg4 4. Be2 Qd7 5. O-O O-O-O 6. a3 Nf6 7. d3 Bxf3 8.
Bxf3 e5 9. fxe5 Nxe5 10. Be2 h5 11. Nd2 Bd6 12. Nf3 Neg4 13. h3 Rde8 14. Nd4
Nxe3 15. Bxe3 Rxe3 16. Nf5 Re5 17. Nxd6+ Qxd6 18. Qd2 Rhe8 19. Bf3 g5 20. Rae1
g4 21. Rxe5 Qxe5 22. d4 Qd6 23. hxg4 hxg4 24. Bd1 g3 25. Qf4 Qxf4 26. Rxf4 Ne4
27. Be2 Nd2 28. Bd3 Re7 29. b3 Kd8 30. Bf1 Ke8 31. Rf3 Nxf3+ 32. gxf3 f5 33. f4
Kf7 34. Bd3 Kf6 35. Kg2 Re3 36. b4 b6 37. a4 a5 38. bxa5 bxa5 39. Bb5 Re4 40.
Kxg3 Rxd4 41. Kf3 Rb4 42. Bc6 d4 43. Ke2 Rc4 44. Bb5 Rc3 45. Bd3 c6 46. Ba6 c5
47. Kd2 Rf3 48. Kc1 Rxf4 49. Kb1 Rf3 50. Bd3 Rxd3 0-1

[Event "NB2 Szechenyi csoport"]
[Site "Sarvar"]
[Date "2024.11.03"]
[Round "1.6"]
[White "Salamon, Joachim"]
[Black "Gabor, Attila"]
[Result "1-0"]
[WhiteElo "1917"]
[BlackElo "1851"]
[PlyCount "46"]
[EventDate "2024.11.03"]
[EventType "team-tourn"]
[EventRounds "11"]
[EventCountry "HUN"]
[Source "chess.hu"]
[SourceDate "2024.11.04"]
[WhiteTeam "Sarvari Sakk Club SE"]
[BlackTeam "Arboretum Hereny SE"]
[WhiteTeamCountry "HUN"]
[BlackTeamCountry "HUN"]

1. d4 d5 2. Nf3 Nf6 3. c4 e6 4. Nc3 c6 5. e3 Bd6 6. Bd3 Nbd7 7. cxd5 exd5 8. h3
O-O 9. O-O Re8 10. Qc2 h6 11. a3 Nf8 12. b4 a6 13. Bb2 Bc7 14. Rad1 N6h7 15. e4
Ng5 16. Nxg5 Qxg5 17. Rfe1 Qh5 18. e5 f6 19. exf6 Bxh3 20. gxh3 Qxh3 21. f4 g5
22. Qg2 Qh5 23. fxg5 hxg5 1-0

[Event "NB2 Szechenyi csoport"]
[Site "Sarvar"]
[Date "2024.11.03"]
[Round "1.8"]
[White "Molnar, Monika"]
[Black "Szalay, Istvan"]
[Result "1-0"]
[WhiteElo "1826"]
[BlackElo "1654"]
[PlyCount "93"]
[EventDate "2024.11.03"]
[EventType "team-tourn"]
[EventRounds "11"]
[EventCountry "HUN"]
[Source "chess.hu"]
[SourceDate "2024.11.04"]
[WhiteTeam "Sarvari Sakk Club SE"]
[BlackTeam "Arboretum Hereny SE"]
[WhiteTeamCountry "HUN"]
[BlackTeamCountry "HUN"]

1. e4 e5 2. Nf3 Nc6 3. d4 exd4 4. Nxd4 Nxd4 5. Qxd4 d6 6. Nc3 c6 7. Bc4 Be6 8.
O-O Qf6 9. Qd3 Bxc4 10. Qxc4 Qe6 11. Qd3 O-O-O 12. Be3 b6 13. Qa6+ Kb8 14. a4
Qc8 15. Qc4 Rd7 16. b4 Nf6 17. f3 Ne8 18. Rfd1 Nc7 19. Qxc6 Be7 20. a5 Na8 21.
Qa4 Qb7 22. Nd5 b5 23. Qb3 Rhd8 24. Rd2 a6 25. Rad1 Bf8 26. c4 bxc4 27. Qxc4
Rc8 28. Qb3 Qb5 29. Rd4 g6 30. Nc3 Qb7 31. R4d3 Nc7 32. Nd5 Nxd5 33. Rxd5 Rdc7
34. Bf4 Rc3 35. Qb1 Rc2 36. Bxd6+ Bxd6 37. Rxd6 Qa7+ 38. Rb6+ Ka8 39. Qb3 Qe7
40. Rxa6+ Kb7 41. Rb6+ Ka7 42. Qe3 Ka8 43. Ra6+ Kb8 44. Rb6+ Ka8 45. Qd3 R2c4
46. Qd5+ Ka7 47. Qb5 1-0

[Event "NB2 Szechenyi csoport"]
[Site "Sarvar"]
[Date "2024.11.03"]
[Round "1.9"]
[White "Kulcsar, Jozsef"]
[Black "Hadrik, Csaba"]
[Result "0-1"]
[WhiteElo "1605"]
[BlackElo "1856"]
[PlyCount "68"]
[EventDate "2024.11.03"]
[EventType "team-tourn"]
[EventRounds "11"]
[EventCountry "HUN"]
[Source "chess.hu"]
[SourceDate "2024.11.04"]
[WhiteTeam "Arboretum Hereny SE"]
[BlackTeam "Sarvari Sakk Club SE"]
[WhiteTeamCountry "HUN"]
[BlackTeamCountry "HUN"]

1. Nf3 g6 2. d4 Bg7 3. c4 d6 4. g3 Nf6 5. Bg2 O-O 6. O-O Nbd7 7. Nc3 c6 8. b3
c5 9. e3 a6 10. Bb2 Rb8 11. Qc2 b5 12. Nd2 bxc4 13. Nxc4 Qc7 14. d5 Nb6 15.
Rab1 Nxc4 16. bxc4 Rb4 17. Qe2 Bd7 18. e4 Ng4 19. h3 Ne5 20. a3 Rb3 21. f4 Ng4
22. Rf3 Bd4+ 23. Kh1 Nf6 24. Nd1 Rfb8 25. Rxb3 Rxb3 26. g4 Qb6 27. e5 dxe5 28.
fxe5 Ne8 29. h4 e6 30. h5 Qd8 31. Bf3 Qh4+ 32. Kg2 exd5 33. cxd5 Bxg4 34. Nc3
Qh3# 0-1

[Event "NB2 Szechenyi csoport"]
[Site "Sarvar"]
[Date "2024.11.03"]
[Round "1.10"]
[White "Piri, Tamas"]
[Black "Kulcsar, Tamas"]
[Result "1-0"]
[WhiteElo "1778"]
[BlackElo "1547"]
[PlyCount "63"]
[EventDate "2024.11.03"]
[EventType "team-tourn"]
[EventRounds "11"]
[EventCountry "HUN"]
[Source "chess.hu"]
[SourceDate "2024.11.04"]
[WhiteTeam "Sarvari Sakk Club SE"]
[BlackTeam "Arboretum Hereny SE"]
[WhiteTeamCountry "HUN"]
[BlackTeamCountry "HUN"]

1. e4 e5 2. Nf3 Nc6 3. Bc4 Nf6 4. d3 Be7 5. c3 d5 6. exd5 Nxd5 7. O-O O-O 8.
Re1 f6 9. d4 exd4 10. Qb3 Na5 11. Bxd5+ Kh8 12. Qd1 Qxd5 13. Rxe7 Rd8 14. Qxd4
Qg8 15. Qa4 Nc6 16. Re1 Bd7 17. Qc2 Bg4 18. Nbd2 Re8 19. h3 Bh5 20. b3 b5 21.
Ba3 a5 22. Rxe8 Rxe8 23. Re1 Bg6 24. Qc1 b4 25. cxb4 Ne5 26. Nxe5 fxe5 27. bxa5
e4 28. Qc4 Bf7 29. Qxc7 h6 30. a6 Qh7 31. Qxf7 Ra8 32. Rxe4 1-0

[Event "NB2 Szechenyi csoport"]
[Site "Sarvar"]
[Date "2024.11.03"]
[Round "1.11"]
[White "Toro-Suga, Zora"]
[Black "Papp, Csongor"]
[Result "0-1"]
[WhiteElo "1609"]
[BlackElo "1671"]
[PlyCount "46"]
[EventDate "2024.11.03"]
[EventType "team-tourn"]
[EventRounds "11"]
[EventCountry "HUN"]
[Source "chess.hu"]
[SourceDate "2024.11.04"]
[WhiteTeam "Arboretum Hereny SE"]
[BlackTeam "Sarvari Sakk Club SE"]
[WhiteTeamCountry "HUN"]
[BlackTeamCountry "HUN"]

1. e4 e5 2. Nf3 Nc6 3. d4 exd4 4. Nxd4 Bc5 5. Nb3 Bb6 6. Nc3 h6 7. Bc4 Ne5 8.
Bd5 c6 9. Qh5 d6 10. f4 Bg4 11. Bxf7+ Kf8 12. fxe5 Bxh5 13. Bxh5 Qh4+ 14. g3
Qxh5 15. Rf1+ Ke7 16. exd6+ Kxd6 17. Bf4+ Ke7 18. Rd1 Rd8 19. h4 Rxd1+ 20. Nxd1
Nf6 21. Nc3 Rd8 22. a4 Nxe4 23. Nxe4 Rd1# 0-1

[Event "NB2 Szechenyi csoport"]
[Site "Gyor"]
[Date "2024.11.17"]
[Round "2.1"]
[White "Smideliusz, Mark"]
[Black "Margl, Roland"]
[Result "0-1"]
[WhiteElo "2176"]
[BlackElo "2263"]
[PlyCount "44"]
[EventDate "2024.11.03"]
[EventType "team-tourn"]
[EventRounds "11"]
[EventCountry "HUN"]
[Source "chess.hu"]
[SourceDate "2024.11.17"]
[WhiteTeam "Sarvari Sakk Club SE"]
[BlackTeam "Szechenyi ESE Gyor"]
[WhiteTeamCountry "HUN"]
[BlackTeamCountry "HUN"]

1. e4 c5 2. Nf3 Nc6 3. Bb5 d6 4. c3 Nf6 5. Qe2 Bg4 6. h3 Bh5 7. d3 a6 8. Ba4 b5
9. Bb3 e6 10. Bf4 Be7 11. O-O O-O 12. Nbd2 d5 13. e5 Nd7 14. Rfe1 Bg6 15. Nf1
a5 16. a4 c4 17. Bc2 Nc5 18. dxc4 bxc4 19. Bxg6 hxg6 20. Red1 Rb8 21. Bg3 Qb6
22. Rab1 Nxa4 0-1

[Event "NB2 Szechenyi csoport"]
[Site "Gyor"]
[Date "2024.11.17"]
[Round "2.2"]
[White "Gyurkovics, Bence Dr"]
[Black "Odor, Istvan"]
[Result "1-0"]
[WhiteElo "2259"]
[BlackElo "2096"]
[PlyCount "51"]
[EventDate "2024.11.03"]
[EventType "team-tourn"]
[EventRounds "11"]
[EventCountry "HUN"]
[Source "chess.hu"]
[SourceDate "2024.11.17"]
[WhiteTeam "Szechenyi ESE Gyor"]
[BlackTeam "Sarvari Sakk Club SE"]
[WhiteTeamCountry "HUN"]
[BlackTeamCountry "HUN"]

1. d4 d5 2. c4 dxc4 3. Nf3 Nf6 4. e3 e6 5. Bxc4 c5 6. O-O a6 7. a4 Nc6 8. Nc3
Be7 9. Qe2 O-O 10. Rd1 Qc7 11. h3 Rd8 12. dxc5 Bxc5 13. Rxd8+ Qxd8 14. e4 Bd4
15. e5 Nd5 16. Nxd4 Nxd4 17. Qe4 Nb4 18. Be3 Ndc6 19. Rd1 Qe7 20. Rd6 Nd5 21.
Bxd5 exd5 22. Nxd5 Qf8 23. Bc5 Nd8 24. Rh6 gxh6 25. Bxf8 Kxf8 26. Qxh7 1-0

[Event "NB2 Szechenyi csoport"]
[Site "Gyor"]
[Date "2024.11.17"]
[Round "2.3"]
[White "Balka, Richard"]
[Black "Csidey, Csongor"]
[Result "1/2-1/2"]
[WhiteElo "2057"]
[BlackElo "2066"]
[PlyCount "142"]
[EventDate "2024.11.03"]
[EventType "team-tourn"]
[EventRounds "11"]
[EventCountry "HUN"]
[Source "chess.hu"]
[SourceDate "2024.11.17"]
[WhiteTeam "Sarvari Sakk Club SE"]
[BlackTeam "Szechenyi ESE Gyor"]
[WhiteTeamCountry "HUN"]
[BlackTeamCountry "HUN"]

1. e4 c5 2. Nf3 g6 3. d4 cxd4 4. Nxd4 Bg7 5. c4 Nc6 6. Be3 Nf6 7. Nc3 O-O 8.
Be2 d6 9. f3 Nxd4 10. Bxd4 a5 11. O-O Bd7 12. b3 Bc6 13. Qd2 Nd7 14. Be3 Nc5
15. Rac1 e6 16. Rfd1 Be5 17. Bd4 Qe7 18. f4 Bxd4+ 19. Qxd4 e5 20. fxe5 dxe5 21.
Qe3 Ne6 22. Nd5 Bxd5 23. exd5 Qc5 24. Qxc5 Nxc5 25. Bd3 Ra6 26. Bc2 Rb6 27. Re1
Nd7 28. c5 Nxc5 29. Rxe5 Nd7 30. Re7 Rd6 31. Be4 Rd8 32. Bf3 Kf8 33. Re2 Nf6
34. Rc7 R8d7 35. Rxd7 Rxd7 36. Re5 Rd6 37. Kf2 Nd7 38. Re2 Nb6 39. Rd2 Ke7 40.
Ke3 Rd7 41. Kd4 Kd6 42. Rc2 Rc7 43. Rxc7 Kxc7 44. d6+ Kxd6 45. Bxb7 f5 46. a3
g5 47. b4 a4 48. Bf3 h6 49. Bd1 f4 50. h3 Nd5 51. Bf3 Ne3 52. Ke4 Ke6 53. g3
Nc4 54. Bg4+ Kf6 55. gxf4 Nxa3 56. fxg5+ hxg5 57. Bd1 Nb5 58. Kd3 a3 59. Bb3
Ke5 60. Kc4 Nd4 61. b5 Ne6 62. b6 Kd6 63. Kb4 Nc5 64. Kxa3 Nxb3 65. Kxb3 Kc6
66. Kc4 Kxb6 67. Kd5 Kc7 68. Ke6 Kd8 69. Kf7 Kd7 70. Kg6 Ke6 71. Kxg5 Kf7
1/2-1/2

[Event "NB2 Szechenyi csoport"]
[Site "Gyor"]
[Date "2024.11.17"]
[Round "2.5"]
[White "Zsiros, Gyorgy"]
[Black "Papp, Gabor Dr"]
[Result "1-0"]
[WhiteElo "1973"]
[BlackElo "1991"]
[PlyCount "55"]
[EventDate "2024.11.03"]
[EventType "team-tourn"]
[EventRounds "11"]
[EventCountry "HUN"]
[Source "chess.hu"]
[SourceDate "2024.11.17"]
[WhiteTeam "Sarvari Sakk Club SE"]
[BlackTeam "Szechenyi ESE Gyor"]
[WhiteTeamCountry "HUN"]
[BlackTeamCountry "HUN"]

1. e4 c6 2. Nc3 d5 3. Nf3 dxe4 4. Nxe4 Nf6 5. Ng3 h5 6. Bc4 h4 7. Nf1 h3 8. g3
Qa5 9. Qe2 Bg4 10. Bxf7+ Kd8 11. Ne3 Bxf3 12. Qxf3 Nbd7 13. Nc4 Qc5 14. c3 e5
15. d3 Qe7 16. Bg6 Kc7 17. Bg5 Nb6 18. O-O-O Nxc4 19. dxc4 Qe6 20. b3 Ba3+ 21.
Kc2 Rhf8 22. Bf5 Qg8 23. Qe2 Rfe8 24. Rd3 Qf8 25. Rhd1 e4 26. R3d2 Bc5 27. Bf4+
Kb6 28. b4 1-0

[Event "NB2 Szechenyi csoport"]
[Site "Gyor"]
[Date "2024.11.17"]
[Round "2.6"]
[White "Molnar, Gabor"]
[Black "Szep, Milan"]
[Result "0-1"]
[WhiteElo "1967"]
[BlackElo "1973"]
[PlyCount "102"]
[EventDate "2024.11.03"]
[EventType "team-tourn"]
[EventRounds "11"]
[EventCountry "HUN"]
[Source "chess.hu"]
[SourceDate "2024.11.17"]
[WhiteTeam "Szechenyi ESE Gyor"]
[BlackTeam "Sarvari Sakk Club SE"]
[WhiteTeamCountry "HUN"]
[BlackTeamCountry "HUN"]

1. d4 d5 2. Nf3 Nf6 3. g3 c5 4. Bg2 cxd4 5. O-O Nc6 6. Nxd4 e5 7. Nb3 Be7 8.
Bg5 Be6 9. Bxf6 Bxf6 10. e4 d4 11. f4 Qb6 12. Kh1 O-O 13. Na3 a5 14. f5 Bd7 15.
Nc4 Qb4 16. Qe2 a4 17. a3 Qb5 18. Nbd2 Qa6 19. b4 Ne7 20. Rf3 Bb5 21. Bf1 Rac8
22. c3 Rfd8 23. cxd4 Rxd4 24. Rc1 Rcd8 25. Qe3 h6 26. h4 Qc6 27. Rf2 Qd7 28.
Nb6 Qe8 29. Nbc4 Bc6 30. Kh2 b5 31. Na5 Ba8 32. Rc5 Rb8 33. Bd3 Qd7 34. Bc2 Nc8
35. Nf3 Qd6 36. Nxd4 exd4 37. Qf4 Qxf4 38. gxf4 Bxh4 39. Rd2 Be7 40. Re5 Bd6
41. Re8+ Kh7 42. e5 Bc7 43. f6+ g6 44. Rxd4 Nb6 45. Rxb8 Bxb8 46. Rd8 Bc7 47.
Re8 Bd5 48. f5 g5 49. Kh3 h5 50. e6 Be5 51. Re7 g4+ 0-1

[Event "NB2 Szechenyi csoport"]
[Site "Gyor"]
[Date "2024.11.17"]
[Round "2.7"]
[White "Katona, Janos"]
[Black "Kocsis, Tihamer"]
[Result "1-0"]
[WhiteElo "1893"]
[BlackElo "1962"]
[PlyCount "109"]
[EventDate "2024.11.03"]
[EventType "team-tourn"]
[EventRounds "11"]
[EventCountry "HUN"]
[Source "chess.hu"]
[SourceDate "2024.11.17"]
[WhiteTeam "Sarvari Sakk Club SE"]
[BlackTeam "Szechenyi ESE Gyor"]
[WhiteTeamCountry "HUN"]
[BlackTeamCountry "HUN"]

1. d4 e6 2. c4 f5 3. Nf3 Nf6 4. Nc3 Bb4 5. Bd2 O-O 6. e3 b6 7. g3 Bb7 8. Bg2
Bxc3 9. Bxc3 d6 10. O-O Qe7 11. Qc2 Be4 12. Qd1 Nbd7 13. Ne1 Bxg2 14. Nxg2 Ne4
15. Qc2 Ng5 16. Nf4 Rf6 17. Kg2 Nf8 18. h4 Nf7 19. e4 Qd7 20. Rae1 g6 21. e5 g5
22. hxg5 dxe5 23. dxe5 Qc6+ 24. f3 Rg6 25. Nxg6 Nxg6 26. Qe2 Nxg5 27. Qe3 Nf7
28. b3 Kh8 29. Kf2 Rg8 30. Rh1 Rg7 31. Rd1 a5 32. f4 Ne7 33. Qd4 Ng8 34. Qe3
Qe8 35. Qf3 Ngh6 36. Rh3 Ng4+ 37. Kg2 Nfh6 38. Rd3 Ng8 39. Be1 Ne7 40. Bf2 Ng6
41. Kf1 Nf8 42. Qd1 Qe7 43. Qf3 Kg8 44. Ke2 Qa3 45. Rd2 Qe7 46. Rh1 Rf7 47.
Rhd1 Kg7 48. Bg1 Nd7 49. Qc6 Nf8 50. c5 Ng6 51. Rd7 Qe8 52. Rxf7+ Qxf7 53. Rd7
Ne7 54. Qxc7 Kf8 55. cxb6 1-0

[Event "NB2 Szechenyi csoport"]
[Site "Gyor"]
[Date "2024.11.17"]
[Round "2.8"]
[White "Gulacsi, Donat Ferenc"]
[Black "Molnar, Monika"]
[Result "1-0"]
[WhiteElo "1964"]
[BlackElo "1826"]
[PlyCount "77"]
[EventDate "2024.11.03"]
[EventType "team-tourn"]
[EventRounds "11"]
[EventCountry "HUN"]
[Source "chess.hu"]
[SourceDate "2024.11.17"]
[WhiteTeam "Szechenyi ESE Gyor"]
[BlackTeam "Sarvari Sakk Club SE"]
[WhiteTeamCountry "HUN"]
[BlackTeamCountry "HUN"]

1. e4 d5 2. exd5 Qxd5 3. d4 Nc6 4. Nf3 Bg4 5. Be2 O-O-O 6. Be3 e5 7. Nc3 Qa5 8.
Nxe5 Bxe2 9. Qxe2 Nxe5 10. dxe5 Qxe5 11. O-O Nf6 12. Nb5 Bc5 13. Qc4 Bxe3 14.
Rae1 Bxf2+ 15. Kxf2 Qxh2 16. Rh1 Rd2+ 17. Ke3 Rxc2 18. Nxa7+ Kb8 19. Nc6+ bxc6
20. Qb3+ Kc8 21. Rxh2 Rc5 22. Kf2 Ng4+ 23. Kg1 Nxh2 24. Kxh2 Rh5+ 25. Kg1 Rd5
26. Re7 Rhd8 27. Rxf7 Rb5 28. Qc2 Kb7 29. Rxg7 h5 30. Rg6 Rb6 31. Rh6 Rd5 32.
b3 Re5 33. a4 Rd5 34. Qg6 Rd1+ 35. Kh2 Rd6 36. Qxh5 Rd3 37. Qe8 Rdxb3 38. Rh8
c5 39. Qa8# 1-0

[Event "NB2 Szechenyi csoport"]
[Site "Gyor"]
[Date "2024.11.17"]
[Round "2.9"]
[White "Gal, Cintia"]
[Black "Horvath, Laszlo"]
[Result "0-1"]
[WhiteElo "1828"]
[BlackElo "1868"]
[PlyCount "66"]
[EventDate "2024.11.03"]
[EventType "team-tourn"]
[EventRounds "11"]
[EventCountry "HUN"]
[Source "chess.hu"]
[SourceDate "2024.11.17"]
[WhiteTeam "Sarvari Sakk Club SE"]
[BlackTeam "Szechenyi ESE Gyor"]
[WhiteTeamCountry "HUN"]
[BlackTeamCountry "HUN"]

1. e4 Nf6 2. Nc3 d5 3. exd5 Nxd5 4. Nxd5 Qxd5 5. Qf3 Be6 6. b3 Qe5+ 7. Kd1 Bd5
8. Qc3 Qxc3 9. dxc3 Nc6 10. Be3 g6 11. Kc1 O-O-O 12. Ne2 e5 13. Kb2 f5 14. f4
Bh6 15. Rg1 Rhe8 16. g3 Bf3 17. Re1 exf4 18. Nxf4 Re5 19. Bg2 Bxg2 20. Nxg2
Bxe3 21. Rxe3 Rd2 22. Kc1 Rxg2 23. Rxg2 Rxe3 24. Kd2 Re4 25. h3 Ne5 26. Rf2 Kd7
27. Rf1 Ke6 28. Rf2 g5 29. Rf1 f4 30. gxf4 gxf4 31. Rf2 Kf5 32. a4 Re3 33. Rh2
Nf3+ 0-1

[Event "NB2 Szechenyi csoport"]
[Site "Gyor"]
[Date "2024.11.17"]
[Round "2.10"]
[White "Bedocs, Mate"]
[Black "Piri, Tamas"]
[Result "1-0"]
[WhiteElo "1700"]
[BlackElo "1778"]
[PlyCount "37"]
[EventDate "2024.11.03"]
[EventType "team-tourn"]
[EventRounds "11"]
[EventCountry "HUN"]
[Source "chess.hu"]
[SourceDate "2024.11.17"]
[WhiteTeam "Szechenyi ESE Gyor"]
[BlackTeam "Sarvari Sakk Club SE"]
[WhiteTeamCountry "HUN"]
[BlackTeamCountry "HUN"]

1. e4 e5 2. Nf3 Nc6 3. Bb5 Bc5 4. O-O d6 5. c3 Bd7 6. Re1 Nf6 7. d4 exd4 8.
cxd4 Bb4 9. Nc3 Ne7 10. Bd3 Bg4 11. Qa4+ Nc6 12. d5 Bxc3 13. bxc3 Nd7 14. dxc6
bxc6 15. e5 Be6 16. exd6 cxd6 17. Ng5 O-O 18. Bxh7+ Kh8 19. Qh4 1-0

[Event "NB2 Szechenyi csoport"]
[Site "Gyor"]
[Date "2024.11.17"]
[Round "2.11"]
[White "Szabo, Mate"]
[Black "Bencsics, Benedek"]
[Result "1-0"]
[WhiteElo "1787"]
[BlackElo "1723"]
[PlyCount "96"]
[EventDate "2024.11.03"]
[EventType "team-tourn"]
[EventRounds "11"]
[EventCountry "HUN"]
[Source "chess.hu"]
[SourceDate "2024.11.17"]
[WhiteTeam "Sarvari Sakk Club SE"]
[BlackTeam "Szechenyi ESE Gyor"]
[WhiteTeamCountry "HUN"]
[BlackTeamCountry "HUN"]

1. d4 Nf6 2. Nf3 c5 3. d5 b5 4. Bg5 Ne4 5. Qd3 Qa5+ 6. Nbd2 Nxg5 7. Nxg5 h6 8.
Ngf3 d6 9. e4 Ba6 10. Qe3 b4 11. Bd3 g6 12. O-O Bg7 13. e5 dxe5 14. Nxe5 Bxd3
15. cxd3 Qc7 16. Rae1 Bxe5 17. Qxe5 Qxe5 18. Rxe5 Nd7 19. Re3 Nb6 20. d6 e6 21.
Rc1 Nd7 22. Ne4 Rc8 23. d4 c4 24. d5 e5 25. Nd2 O-O 26. Rxc4 Rxc4 27. Nxc4 Rc8
28. b3 f6 29. Kf1 Rc5 30. Rd3 Kf7 31. Ke2 Nb6 32. Nxb6 axb6 33. Ke3 Ke8 34. Ke4
Rc8 35. Rg3 Kf7 36. Rh3 Kg7 37. f4 exf4 38. Kxf4 Rd8 39. Ke4 Rxd6 40. Kd4 g5
41. Re3 Kf7 42. g4 Kg6 43. Re6 Rxe6 44. dxe6 Kg7 45. Kd5 Kf8 46. Kd6 Ke8 47. e7
h5 48. gxh5 g4 1-0

[Event "NB2 Szechenyi csoport"]
[Site "Gyor"]
[Date "2024.11.17"]
[Round "2.12"]
[White "Menczel-Kiss, Nandor"]
[Black "Papp, Csongor"]
[Result "1/2-1/2"]
[WhiteElo "1646"]
[BlackElo "1671"]
[PlyCount "39"]
[EventDate "2024.11.03"]
[EventType "team-tourn"]
[EventRounds "11"]
[EventCountry "HUN"]
[Source "chess.hu"]
[SourceDate "2024.11.17"]
[WhiteTeam "Szechenyi ESE Gyor"]
[BlackTeam "Sarvari Sakk Club SE"]
[WhiteTeamCountry "HUN"]
[BlackTeamCountry "HUN"]

1. e4 d6 2. c4 Nf6 3. Nc3 g6 4. g3 e5 5. Bg2 c5 6. Nge2 Bg7 7. d3 h6 8. O-O O-O
9. h3 Nh5 10. Be3 Nc6 11. Rb1 Nd4 12. a3 Bd7 13. b4 Rb8 14. Kh2 Kh7 15. Qd2 Ne6
16. Rb2 Bc6 17. Rfb1 Qf6 18. b5 Bd7 19. Nd5 Qd8 20. a4 1/2-1/2

[Event "NB2 Szechenyi csoport"]
[Site "Szombathely"]
[Date "2024.11.17"]
[Round "2.1"]
[White "Jonas, Zsolt"]
[Black "Takacs, Gergo"]
[Result "1/2-1/2"]
[WhiteElo "2051"]
[BlackElo "2200"]
[PlyCount "138"]
[EventDate "2024.11.03"]
[EventType "team-tourn"]
[EventRounds "11"]
[EventCountry "HUN"]
[Source "chess.hu"]
[SourceDate "2024.11.17"]
[WhiteTeam "Ezust Huszar SE"]
[BlackTeam "Haladas VSE"]
[WhiteTeamCountry "HUN"]
[BlackTeamCountry "HUN"]

1. e4 c5 2. Nf3 d6 3. d4 cxd4 4. Nxd4 Nf6 5. Nc3 a6 6. Bc4 e6 7. Bb3 Qc7 8. g4
Nc6 9. g5 Nxd4 10. Qxd4 Nd7 11. Be3 Nc5 12. O-O-O Bd7 13. Kb1 Bc6 14. Rhe1
O-O-O 15. f3 Rg8 16. Bf2 Be7 17. Bg3 e5 18. Qe3 Nxb3 19. axb3 f6 20. h4 fxg5
21. hxg5 h6 22. f4 exf4 23. Bxf4 Bxg5 24. Bxg5 hxg5 25. Qxg5 Rge8 26. Nd5 Bxd5
27. exd5 Kb8 28. Re6 Rf8 29. Re7 Rd7 30. Qxg7 Rxe7 31. Qxf8+ Ka7 32. Qf2+ Qb6
33. Qd2 Re5 34. Qc3 Qb5 35. Qd4+ Qb6 36. Qc4 Qe3 37. Ka2 Re4 38. Qd3 Qxd3 39.
Rxd3 b5 40. Rc3 Rd4 41. Rc7+ Kb8 42. Rc6 Rxd5 43. Rxa6 Kb7 44. Ra5 Kb6 45. b4
Rd4 46. Kb3 Rh4 47. Ra8 Rh3+ 48. c3 Rh4 49. Rg8 Rf4 50. Rg5 Kc6 51. Rg2 Rh4 52.
Kc2 Rf4 53. b3 Rh4 54. Rd2 Rg4 55. Kb2 Rh4 56. Rc2 Rg4 57. c4 Rh4 58. Ka3 Rh8
59. c5 Ra8+ 60. Kb2 dxc5 61. bxc5 b4 62. Rc4 Ra5 63. Rxb4 Kxc5 64. Rh4 Kb6 65.
b4 Rg5 66. Ka3 Kb5 67. Rh3 Rf5 68. Kb3 Rg5 69. Kc3 Rf5 1/2-1/2

[Event "NB2 Szechenyi csoport"]
[Site "Szombathely"]
[Date "2024.11.17"]
[Round "2.2"]
[White "Joo, Gabor"]
[Black "Domonkos, Daniel"]
[Result "0-1"]
[WhiteElo "1948"]
[BlackElo "1989"]
[PlyCount "78"]
[EventDate "2024.11.03"]
[EventType "team-tourn"]
[EventRounds "11"]
[EventCountry "HUN"]
[Source "chess.hu"]
[SourceDate "2024.11.17"]
[WhiteTeam "Haladas VSE"]
[BlackTeam "Ezust Huszar SE"]
[WhiteTeamCountry "HUN"]
[BlackTeamCountry "HUN"]

1. e4 c5 2. Nf3 Nc6 3. d4 cxd4 4. Nxd4 g6 5. c4 Bg7 6. Be3 d6 7. Nc3 Nf6 8. Be2
O-O 9. O-O Nxd4 10. Bxd4 Bd7 11. f4 Qa5 12. Kh1 Bc6 13. Bf3 Rad8 14. Nd5 Bxd5
15. exd5 b5 16. b3 bxc4 17. bxc4 Rfe8 18. Re1 Rc8 19. Qd3 Qa6 20. Rec1 Rc7 21.
Rc2 Nd7 22. Bxg7 Kxg7 23. Qd4+ f6 24. Re1 Qb6 25. Qc3 Nc5 26. Rce2 Qa6 27. Rc2
Na4 28. Qd4 Qb6 29. Qd3 Qb4 30. Rec1 Rb8 31. g3 Nb2 32. Qe4 Qc5 33. Rb1 Qa3 34.
Qe2 Rcb7 35. c5 Nd3 36. Rb3 Rxb3 37. Qxe7+ Kh6 38. Re2 Rb1+ 39. Kg2 Qc1 0-1

[Event "NB2 Szechenyi csoport"]
[Site "Szombathely"]
[Date "2024.11.17"]
[Round "2.4"]
[White "Varga, Tibor"]
[Black "Nyoger, Istvan"]
[Result "1/2-1/2"]
[WhiteElo "2022"]
[BlackElo "1898"]
[PlyCount "128"]
[EventDate "2024.11.03"]
[EventType "team-tourn"]
[EventRounds "11"]
[EventCountry "HUN"]
[Source "chess.hu"]
[SourceDate "2024.11.17"]
[WhiteTeam "Haladas VSE"]
[BlackTeam "Ezust Huszar SE"]
[WhiteTeamCountry "HUN"]
[BlackTeamCountry "HUN"]

1. d4 d5 2. Bf4 Nf6 3. Nf3 c5 4. Nc3 Qb6 5. dxc5 Qxb2 6. Be5 Qb4 7. Rb1 Qxc5 8.
Nb5 Na6 9. Bd4 Qc6 10. Nxa7 Qa4 11. e3 Qa5+ 12. c3 e5 13. Nxe5 Rxa7 14. Bb5+
Ke7 15. Nxf7 Kxf7 16. Bxa7 Qxc3+ 17. Kf1 Bb4 18. Bd4 Qd2 19. Qb3 Bf5 20. Rd1
Qc2 21. Bxf6 Qxb3 22. axb3 Kxf6 23. Ke2 Bc2 24. Rd4 Rb8 25. Rc1 Bxb3 26. Rxb4
Nxb4 27. Rb1 Na2 28. Kd2 Bc4 29. Bxc4 dxc4 30. Rb6+ Ke5 31. Kc2 Kd5 32. Rb2
Nb4+ 33. Rxb4 b5 34. Rb1 Kc5 35. Ra1 Rb7 36. e4 Kd4 37. f3 b4 38. Rd1+ Ke5 39.
Rd5+ Ke6 40. Rc5 c3 41. Kb3 g5 42. g3 Kd6 43. Rd5+ Ke6 44. Rc5 Kf6 45. f4 h6
46. Rc6+ Kg7 47. f5 Rb5 48. g4 Kf7 49. h3 Ke7 50. e5 Rxe5 51. Kxb4 Re4+ 52.
Kxc3 Re3+ 53. Kd4 Rxh3 54. Rg6 Rg3 55. Rxh6 Rxg4+ 56. Ke5 Rh4 57. Rg6 Kf7 58.
Rxg5 Rh6 59. Rg4 Ra6 60. Rb4 Ra5+ 61. Kf4 Ra6 62. Kg5 Rc6 63. Rb7+ Kf8 64. Rd7
Ra6 1/2-1/2